000 00825nam a2200253 a 4500
001 000003185
003 DO-SdBNP
005 20240530073910.0
007 ta
008 090707s 2009 dr 000 0 spa d
020 _a9789945161229
040 _aDO-SdBNP
_bspa
_cBNPHU
082 4 _a863.44
_bM433c
_222
100 1 _aMatos Moquete, Manuel,
_d1944-
_96349
245 1 3 _aEl coloso y el mar :
_ben busca de expresiones humanas /
_cManuel Matos Moquete.
260 _aSanto Domingo :
_bPublicaciones Matos Moquete,
_c2009.
300 _a163 p. ;
_c22 cm.
500 _aIncluye datos biográficos del autor en la contracubierta del libro.
590 _aInventariado, 2020/ MAA
650 1 0 _aNovela dominicana
_9223
650 1 0 _aLiteratura dominicana.
_967
910 _aValidado. Control de calidad MMOLINA
942 _2ddc
_cLBS1
999 _c3016
_d3016